Making the grade / (Record no. 14764)
[ view plain ]
| 000 -LEADER | |
|---|---|
| fixed length control field | 01112nam a2200289 a 4500 |
| 001 - CONTROL NUMBER | |
| control field | ASIN0195515560 |
| 003 - CONTROL NUMBER IDENTIFIER | |
| control field | OSt |
| 005 - DATE AND TIME OF LATEST TRANSACTION | |
| control field | 20170105102904.0 |
| 008 - FIXED-LENGTH DATA ELEMENTS--GENERAL INFORMATION | |
| fixed length control field | 131021s2002 xxu eng d |
| 020 ## - INTERNATIONAL STANDARD BOOK NUMBER | |
| International Standard Book Number | 0195515560 (paperback) |
| 020 ## - INTERNATIONAL STANDARD BOOK NUMBER | |
| International Standard Book Number | 9780195515565 (paperback) |
| 040 ## - CATALOGING SOURCE | |
| Original cataloging agency | s |
| 050 04 - LIBRARY OF CONGRESS CALL NUMBER | |
| Classification number | LB2395 |
| 082 04 - DEWEY DECIMAL CLASSIFICATION NUMBER | |
| Classification number | 378.170281 |
| Author Mark | HAY 2002 |
| 100 1# - MAIN ENTRY--PERSONAL NAME | |
| Personal name | Hay, Iain. |
| 245 10 - TITLE STATEMENT | |
| Title | Making the grade / |
| Statement of responsibility, etc. | Iain Hay. |
| 250 ## - EDITION STATEMENT | |
| Edition statement | 2nd ed. |
| 260 ## - PUBLICATION, DISTRIBUTION, ETC. | |
| Place of publication, distribution, etc. | [S.l.] : |
| Name of publisher, distributor, etc. | OUP Australia and New Zealand, |
| Date of publication, distribution, etc. | 2002. |
| 300 ## - PHYSICAL DESCRIPTION | |
| Extent | 208 p. ; |
| Dimensions | 22 cm. |
| 520 ## - SUMMARY, ETC. | |
| Summary, etc. | A comprehensive source of information on study and communication skills for tertiary-level students. Chapters outline the whys and hows of essays, research and laboratory reports, reviews, summaries, and more. This edition includes new material on group work and amendments reflecting technological shifts. |
| 650 #0 - SUBJECT ADDED ENTRY--TOPICAL TERM | |
| Topical term or geographic name entry element | Academic achievement |
| 650 #0 - SUBJECT ADDED ENTRY--TOPICAL TERM | |
| Topical term or geographic name entry element | Academic writing |
| 650 #0 - SUBJECT ADDED ENTRY--TOPICAL TERM | |
| Topical term or geographic name entry element | Communication in education |
| 650 #0 - SUBJECT ADDED ENTRY--TOPICAL TERM | |
| Topical term or geographic name entry element | Study skills |
| 856 40 - ELECTRONIC LOCATION AND ACCESS | |
| Materials specified | Amazon.com |
| Uniform Resource Identifier | <a href="http://www.amazon.com/exec/obidos/ASIN/0195515560/chopaconline-20">http://www.amazon.com/exec/obidos/ASIN/0195515560/chopaconline-20</a> |
| 942 ## - ADDED ENTRY ELEMENTS (KOHA) | |
| Source of classification or shelving scheme | |
| Koha item type | Book |
| Withdrawn status | Lost status | Damaged status | Not for loan | Collection code | Permanent Location | Current Location | Shelving location | Date acquired | Total Checkouts | Full call number | Barcode | Date last seen | Price effective from | Koha item type |
|---|---|---|---|---|---|---|---|---|---|---|---|---|---|---|
| Central Library (CL) | Central Library (CL) | General Stacks | 09/10/2013 | 378.170281 HAY 2002 | CIPS0000962 | 10/21/2013 | 10/21/2013 | Book |
